The revenger's tragedy / (Record no. 18229)
[ view plain ]
| 000 -LEADER | |
|---|---|
| fixed length control field | 00920nam a2200301 a 4500 |
| 001 - CONTROL NUMBER | |
| control field | 18229 |
| 003 - CONTROL NUMBER IDENTIFIER | |
| rucl marc code | BD-RjUL |
| 005 - DATE AND TIME OF LATEST TRANSACTION | |
| control field | 20211209000244.0 |
| 008 - FIXED-LENGTH DATA ELEMENTS--GENERAL INFORMATION | |
| fixed length control field | 140220s1967 enk b 000 0 eng |
| 035 ## - SYSTEM CONTROL NUMBER | |
| System control number | oxf98200761 |
| System control number | (BD-RjUL)18287 |
| 040 ## - CATALOGING SOURCE | |
| Original cataloging agency | CUS |
| Transcribing agency | CUS |
| Modifying agency | BD-RjUL |
| Language of cataloging | eng |
| 041 ## - LANGUAGE CODE | |
| Language code of text/sound track or separate title | eng |
| 082 ## - DEWEY DECIMAL CLASSIFICATION NUMBER | |
| Edition number | 23 |
| Classification number | 822.3 |
| Author mark and year | TOR 1967 |
| 100 1# - MAIN ENTRY--PERSONAL NAME | |
| Personal name | Tourneur, Cyril, |
| Dates associated with a name | 1575?-1626. |
| 9 (RLIN) | 54090 |
| 245 14 - TITLE STATEMENT | |
| Title | The revenger's tragedy / |
| Statement of responsibility, etc. | Cyril Tourneur ; Lawrence J. Ross. |
| 260 ## - PUBLICATION, DISTRIBUTION, ETC. (IMPRINT) | |
| Place of publication, distribution, etc. | London : |
| Name of publisher, distributor, etc. | Arnold, |
| Date of publication, distribution, etc. | 1967. |
| 300 ## - PHYSICAL DESCRIPTION | |
| Pagination | xxxii, 130 p. : |
| Size | 21 cm |
| 504 ## - BIBLIOGRAPHY, ETC. NOTE | |
| Bibliography, etc | Bibliographical footnotes |
| 650 ## - SUBJECT ADDED ENTRY--TOPICAL TERM | |
| Source of heading or term | Revenge -- Drama. |
| Topical term or geographic name as entry element | English drama |
| General subdivision | Early modern and Elizabethan |
| 9 (RLIN) | 241800 |
| Source of heading or term | Revenge. |
| 651 ## - SUBJECT ADDED ENTRY--GEOGRAPHIC NAME | |
| Materials specified | Revenge -- Drama |
| 700 1# - ADDED ENTRY--PERSONAL NAME | |
| Personal name | Ross, Lawrence J., |
| Dates associated with a name | 1926-1996 |
| 830 #0 - SERIES ADDED ENTRY--UNIFORM TITLE | |
| Uniform title | Regents Renaissance drama series |
| 942 ## - ADDED ENTRY ELEMENTS (KOHA) | |
| Source of classification or shelving scheme | Dewey Decimal Classification |
| Koha item type | Books |
| Lost status | Source of classification or shelving scheme | Damaged status | Not for loan | Collection code | Permanent Location | Current Location | Shelving location | Date acquired | Source of acquisition | Cost, normal purchase price | Total Checkouts | Full call number | Date last seen | Copy number | Koha item type |
|---|---|---|---|---|---|---|---|---|---|---|---|---|---|---|---|
| Dewey Decimal Classification | Fiction | Central Library, University of Rajshahi | Central Library, University of Rajshahi | 26/11/1969 | Zeit | 0.21 | 822.3 TOR 1967 | 20/02/2014 | C-2 | Books | |||||
| Dewey Decimal Classification | Not For Loan | Fiction | Central Library, University of Rajshahi | Central Library, University of Rajshahi | Reading Room | 26/06/1968 | Swets & Zeitlinger | 15.00 | 822.3 TOR 1967 | 07/10/2020 | C-1 | Books |